000 02038cam a22005054i 4500
003 PE-LiUPU
005 20250731173118.0
008 200123s2013 xxu rb 001 0 eng d
020 _a0915170493
020 _a9780915170494
035 _a(Sirsi) a252793
040 _aPE-LiUPU
_bspa
_cPE-LiUPU
_erda
049 _aPRUA
082 0 4 _a226.4
_bD66
_223
100 1 _aDillon, Richard J.,
_eautor.
245 1 4 _aThe hymns of Saint Luke :
_blyricism and narrative strategy in Luke 1-2 /
_cRichard J. Dillon.
264 1 _aWashington :
_bCatholic Biblical Association,
_c[2013].
300 _ax, 181 páginas ;
_c23 centímetros.
336 _atext
_2rdacontent
337 _aunmediated
_2rdamedia
338 _avolume
_2rdacarrier
490 0 _aThe Catholic Biblical quarterly monograph series
_v50
504 _aBibliografía: páginas 157-166.
504 _aÍndice: páginas 167-181.
505 0 _aThe canticles in context -- Origin of the canticles -- The present agenda -- Magnificat -- The proximate context -- The "visitation" scene -- The text -- Strophe I -- Strophe II -- Macrocontext -- Benedictus -- The proximate context -- The text -- The benedictus in macrocontext -- The sacred and sure promises to David -- Knowledge of salvation and forgiveness of sins -- God´s oath to Abraham -- Gloria in excelsis deo -- Nunc dimittis and sequel.
526 _aSEG42
526 _aSEG41
526 _aSEG40
526 _aSEG39
526 _aP94
526 _aP87
526 _aP86
526 _aP85
526 _aP77
526 _aP76
526 _aP35
650 0 7 _aHimnos.
_2rero.
650 0 7 _aGloria en excelso.
910 _adbm
_bksl
_cksl
_d20200123
942 _2ddc
_cBOOK
994 _aC0
_bPEPRU
596 _a1
999 _a226.4 D66
_wDEWEY
_c32014
_i80887
_f2021-11-9
_g2
_lCCODEBUL1
_mBUL
_p20.00
_r0
_sY
_tBOOK
_u2020-1-23
_xTEOLOGIA
_PP35
_0DONACION
_o.STAFF. Colección Teología
_d32014
980 _81
_gALBERTO SANCHEZ Responsable de Automatización